Vấn đề lưu thông tại đô thành Luận văn tốt nghiệp
Bewaard in:
| Hoofdauteur: | |
|---|---|
| Formaat: | Boek |
| Taal: | Undetermined |
| Gepubliceerd in: |
Sài Gòn
Học viện Quốc Gia Hành Chánh
1970
|
| Onderwerpen: | |
| Tags: |
Voeg label toe
Geen labels, Wees de eerste die dit record labelt!
|
| Thư viện lưu trữ: | Trung tâm Học liệu Trường Đại học Cần Thơ |
|---|
| LEADER | 00689nam a2200193Ia 4500 | ||
|---|---|---|---|
| 001 | CTU_26502 | ||
| 008 | 210402s9999 xx 000 0 und d | ||
| 082 | |a 625.72 | ||
| 082 | |b Ng419 | ||
| 100 | |a Nguyễn, Lương Ngọc | ||
| 245 | 0 | |a Vấn đề lưu thông tại đô thành | |
| 245 | 0 | |b Luận văn tốt nghiệp | |
| 245 | 0 | |c Nguyễn Lương Ngọc ; Giáo sư hướng dẫn: Bùi Quang Khánh | |
| 260 | |a Sài Gòn | ||
| 260 | |b Học viện Quốc Gia Hành Chánh | ||
| 260 | |c 1970 | ||
| 650 | |a traffic safety - vietnam | ||
| 904 | |i Nguyễn Quang Điền, 981013 | ||
| 980 | |a Trung tâm Học liệu Trường Đại học Cần Thơ | ||